| 000 | 01450cam a2200373 a 4500 | ||
|---|---|---|---|
| 001 | 2104662 | ||
| 003 | OSt | ||
| 005 | 20140310182250.0 | ||
| 008 | 951229s1996 nyu j 000 1 eng | ||
| 010 | _a 96002119 | ||
| 020 | _a0060267046 | ||
| 020 | _a0060267062 (lib. bdg.) | ||
| 040 |
_aDLC _cDLC _dDLC |
||
| 042 | _alcac | ||
| 050 | 0 | 0 |
_aPZ 7 _b.M36718Par 1996 |
| 082 | 0 | 0 |
_aFIC M36p _b1996 |
| 100 | 1 |
_aMartinez, Victor, _d1954-2011. _919895 |
|
| 245 | 1 | 0 |
_aParrot in the oven : _bmi vida : a novel / _cby Victor Martinez. |
| 246 | 3 | 1 | _aPerico en el horno |
| 250 | _a1st ed. | ||
| 260 |
_aNew York : _bHarperCollins Publishers, _cc1996. |
||
| 300 |
_a216 p. ; _c20 cm. |
||
| 500 | _a"Joanna Cotler books." | ||
| 520 | _aManny relates his coming of age experiences as a member of a poor Mexican American family in which the alcoholic father only adds to everyone's struggle. | ||
| 650 | 1 |
_aFamily life _vFiction. _919896 |
|
| 650 | 1 |
_aAlcoholism _vFiction. _919897 |
|
| 650 | 1 |
_aMexican Americans _vFiction. _919898 |
|
| 856 | 4 | 2 |
_3Publisher description _uhttp://www.loc.gov/catdir/description/hc041/96002119.html |
| 856 | 4 | 2 |
_3Contributor biographical information _uhttp://www.loc.gov/catdir/enhancements/fy0911/96002119-b.html |
| 906 |
_a7 _bcbc _corignew _d1 _eocip _f19 _gy-gencatlg |
||
| 942 |
_2lcc _cBK-FIC |
||
| 999 |
_c11351 _d11351 |
||